| 000 | 00952 a2200241 4500 | ||
|---|---|---|---|
| 003 | Nust | ||
| 005 | 20170207153245.0 | ||
| 010 | _a 93011550 | ||
| 020 | _a0024041718 | ||
| 040 | _cNust | ||
| 082 | 0 | 0 | _a621.382 |
| 100 | 1 | _aRoze, Maris. | |
| 245 | 1 | 0 |
_aTechnical communication : _bthe practical craft / _cMaris Roze. |
| 250 | _a2nd ed. | ||
| 260 |
_aNew York : _bMerrill ; _aToronto : _bMaxwell Macmillan Canada ; _aNew York : _bMaxwell Macmillan International, _cc1994. |
||
| 300 |
_axii, 288 p. : _bill. ; _c24 cm. |
||
| 440 | 0 | _aMerrill's international series in engineering technology | |
| 500 | _aIncludes index. | ||
| 505 | _aDevelopment Methods (Page-21), Reports (Page-59), Correspondence (Page-133), Oral Communication (Page-159), Research And Development (Page-189), Grammer; Usage And Style (Page-213), Mechanics (Page-257) | ||
| 538 | _aAlmirah No.37, Shelf No.1 | ||
| 650 | 0 | _aTechnical writing. | |
| 650 | 0 | _aTelecommunication Engineering | |
| 942 |
_2ddc _cBK |
||
| 999 |
_c182558 _d182558 |
||